Political history of ancient India : (Record no. 16844)

MARC details
000 -LEADER
fixed length control field 00751nam a22002177a 4500
005 - DATE AND TIME OF LATEST TRANSACTION
control field 20180701143043.0
008 - FIXED-LENGTH DATA ELEMENTS--GENERAL INFORMATION
fixed length control field 180619b xxu||||| |||| 00| 0 eng d
010 ## - LCCN (DPL NO)
LC control number A-896870
020 ## - INTERNATIONAL STANDARD BOOK NUMBER
International Standard Book Number 0195643763
035 ## - SYSTEM CONTROL NUMBER
System control number A-896870, A-896866
037 ## - SOURCE OF ACQUISITION
Source of stock number/acquisition BPPD/PUB
040 ## - CATALOGING SOURCE
Original cataloging agency dpl
Language of cataloging English
082 ## - DEWEY DECIMAL CLASSIFICATION NUMBER
Classification number 954.01
100 ## - MAIN ENTRY--PERSONAL NAME
Personal name Raychaudhuri, Hemchandra
245 ## - TITLE STATEMENT
Title Political history of ancient India :
Statement of responsibility, etc by Hemchandra Raychaudhuri
Remainder of title from the accession of parikshit to the extinction of the Gupta Dynasty /
260 ## - PUBLICATION, DISTRIBUTION, ETC. (IMPRINT)
Place of publication, distribution, etc New Delhi :
Name of publisher, distributor, etc Oxford University press
Date of publication, distribution, etc 1997
300 ## - PHYSICAL DESCRIPTION
Extent xxxv, 849p.;
Dimensions 21cm (Hb)
500 ## - GENERAL NOTE
General note Includes bibliographical references and index
650 ## - SUBJECT ADDED ENTRY--TOPICAL TERM
Source of heading or term Art, Indonesian
942 ## - ADDED ENTRY ELEMENTS (KOHA)
Source of classification or shelving scheme Dewey Decimal Classification
Item type English Books
Classification part 954.01
Call number suffix RAY
Holdings
Withdrawn status Lost status Source of classification or shelving scheme Materials specified (bound volume or other part) Damaged status Not for loan Collection code Home library Current library Date acquired Source of acquisition Cost, normal purchase price Total Checkouts Full call number Barcode Date last seen Copy number Cost, replacement price Koha item type Public note
    Dewey Decimal Classification v.1   Not For Loan Non-fiction D.B.Act.Division D.B.Act.Division 17/10/2008 DBAD / PUB 1950.00   959.8 HAZ EN-74890 17/10/2008 1 1950.00 English Books v.1
    Dewey Decimal Classification v.2   Not For Loan Non-fiction D.B.Act.Division D.B.Act.Division 17/10/2008 DBAD / PUB 1950.00   959.8 HAZ EN-74891 17/10/2008 1 1950.00 English Books  
    Dewey Decimal Classification       Non-fiction Patel Nagar Patel Nagar 01/07/2018 BPPD/Pub 0.00 1 954.01 RAY A-896866 03/02/2020 1 0.00 English Books  
    Dewey Decimal Classification       Non-fiction Shahdara Branch Shahdara Branch 19/06/2018 BPPD/PUB 0.00 2 954.01 RAY A-896870 29/08/2020   0.00 English Books  

© Delhi Public Library
Hit Counter
free hit counter